[Event "SUI-chT"]
[Site "Switzerland"]
[Date "2019.04.14"]
[Round "2.4"]
[White "Sokolov, Andrei"]
[Black "Umbach, Andreas"]
[Result "1-0"]
[WhiteElo "2497"]
[BlackElo "2288"]
[PlyCount "29"]
[EventDate "2019.03.10"]
[EventType "team-tourn"]
[EventRounds "9"]
[EventCountry "SUI"]
[SourceTitle "CBM 190 Extra"]
[Source "ChessBase"]
[SourceDate "2019.07.15"]
[SourceVersion "1"]
[SourceVersionDate "2019.07.15"]
[SourceQuality "1"]
[WhiteTeam "Geneve"]
[BlackTeam "Wollishofen"]
[WhiteTeamCountry "SUI"]
[BlackTeamCountry "SUI"]

1. e4 c5 2. Nf3 d6 3. d4 cxd4 4. Nxd4 Nf6 5. Nc3 g6 6. Bc4 Bg7 7. h3 0-0 8. Bb3 a6 9. 0-0 Nbd7 10. Re1 Nc5 11. Bg5 e6 12. Qf3 Bd7 13. Rad1 e5 14. Nd5 exd4 15. Nxf6+ 1-0

[Event "SUI-chT"]
[Site "Switzerland"]
[Date "2017.09.03"]
[Round "7.7"]
[White "Umbach, Andreas"]
[Black "Burri, Quentin"]
[Result "0-1"]
[WhiteElo "2277"]
[BlackElo "2359"]
[PlyCount "102"]
[EventDate "2017.03.19"]
[EventType "team-swiss"]
[EventRounds "9"]
[EventCountry "SUI"]
[SourceTitle "EXT 2018"]
[Source "ChessBase"]
[SourceDate "2017.10.13"]
[SourceVersion "1"]
[SourceVersionDate "2017.10.13"]
[SourceQuality "1"]
[WhiteTeam "Wollishofen"]
[BlackTeam "Geneve"]
[WhiteTeamCountry "SUI"]
[BlackTeamCountry "SUI"]

1. e4 c5 2. Nf3 d6 3. d4 cxd4 4. Nxd4 Nf6 5. Nc3 a6 6. h3 e5 7. Nde2 b5 8. g4 b4 9. Nd5 Nxd5 10. Qxd5 Ra7 11. Bg2 Be6 12. Qd3 Qc8 13. Bd2 Rc7 14. c3 Bc4 15. Qe3 bxc3 16. Bxc3 Bxe2 17. Kxe2 Nc6 18. Rad1 Be7 19. Bf3 0-0 20. Kf1 Nd8 21. Ba5 Rc6 22. Bxd8 Bxd8 23. Kg2 Bb6 24. Qd3 Bd4 25. Rd2 Qe6 26. Bd1 Qxa2 27. Bb3 Qa5 28. Rc2 Rc5 29. Bc4 Qb6 30. Ra1 a5 31. Ra4 Bxb2 32. Qb3 Qxb3 33. Bxb3 Bc3 34. Rc4 Bb4 35. Rc1 Rfc8 36. Kf3 Kf8 37. Ke2 Ke7 38. Kd3 Rb8 39. h4 h5 40. g5 g6 41. Rf1 Rf8 42. f4 exf4 43. Rxf4 f6 44. Rxc5 dxc5 45. gxf6+ Rxf6 46. Rxf6 Kxf6 47. Ke2 Ke5 48. Bf7 a4 49. Bxg6 a3 50. Bf7 Kxe4 51. Kd1 Kf4 0-1

[Event "SUI-chT"]
[Site "Switzerland"]
[Date "2013.06.22"]
[Round "4.5"]
[White "Umbach, Andreas"]
[Black "Gaehwiler, Gabriel"]
[Result "0-1"]
[WhiteElo "2260"]
[BlackElo "2267"]
[PlyCount "75"]
[EventDate "2013.03.17"]
[EventType "team-tourn"]
[EventRounds "9"]
[EventCountry "SUI"]
[SourceTitle "EXT 2014"]
[Source "ChessBase"]
[SourceDate "2013.11.20"]
[SourceVersion "1"]
[SourceVersionDate "2013.11.20"]
[SourceQuality "1"]
[WhiteTeam "Wollishofen"]
[BlackTeam "Winterthur"]
[WhiteTeamCountry "SUI"]
[BlackTeamCountry "SUI"]

1. e4 c5 2. Nf3 d6 3. d4 cxd4 4. Nxd4 Nf6 5. Nc3 Nc6 6. Bg5 Bd7 7. Be2 a6 8. Bxf6 gxf6 9. 0-0 e6 10. Kh1 Qb6 11. Nb3 0-0-0 12. Qd2 h5 13. Rad1 Be8 14. Qf4 Be7 15. Rd3 Ne5 16. Rh3 h4 17. Qd2 Rg8 18. f4 Ng4 19. Bxg4 Rxg4 20. Qe2 Rg8 21. f5 Bc6 22. Rxh4 Rg7 23. Rg4 Rh7 24. Qf2 Qc7 25. Qg3 Qb6 26. Rg8 d5 27. exd5 exd5 28. Rd1 Bd6 29. Qxd6 Rxg8 30. Nxd5 Bxd5 31. Rxd5 Qxd6 32. Rxd6 Kc7 33. Rd2 Re8 34. h3 Re1+ 35. Kh2 Rh4 36. Nd4 Rb1 37. c3 Re4 38. Nf3 0-1

[Event "SUI-chT"]
[Site "Switzerland"]
[Date "2012.10.21"]
[Round "9.6"]
[White "Huss, Andreas"]
[Black "Umbach, Andreas"]
[Result "1/2-1/2"]
[WhiteElo "2304"]
[BlackElo "2306"]
[PlyCount "99"]
[EventDate "2012.03.18"]
[EventType "team-tourn"]
[EventRounds "9"]
[EventCountry "SUI"]
[SourceTitle "EXT 2013"]
[Source "ChessBase"]
[SourceDate "2012.11.22"]
[SourceVersion "1"]
[SourceVersionDate "2012.11.22"]
[SourceQuality "1"]
[WhiteTeam "Winterthur"]
[BlackTeam "Wollishofen"]
[WhiteTeamCountry "SUI"]
[BlackTeamCountry "SUI"]

1. d4 Nf6 2. c4 g6 3. Nf3 Bg7 4. Nc3 0-0 5. e4 d6 6. Be2 e5 7. d5 a5 8. Bg5 h6 9. Bh4 Na6 10. Nd2 Qe8 11. a3 Bd7 12. b3 Nh7 13. Rb1 h5 14. f3 Bh6 15. Bf2 Qe7 16. b4 axb4 17. axb4 h4 18. Nf1 Rfb8 19. Ne3 Kh8 20. 0-0 f5 21. Kh1 Nf6 22. exf5 gxf5 23. Bd3 Bxe3 24. Bxe3 Rg8 25. f4 Qg7 26. Rg1 c5 27. bxc5 Ng4 28. Rxb7 Nxc5 29. Bxc5 dxc5 30. Qe1 Ra3 31. Qxh4+ Qh6 32. Qxh6+ Nxh6 33. Rxd7 Rxc3 34. Be2 exf4 35. Rf1 Re8 36. Bh5 Rg8 37. Rd6 Ng4 38. h3 Ne5 39. Rxf4 Rc1+ 40. Kh2 Rc2 41. Rh6+ Kg7 42. Bd1 Rxg2+ 43. Kxg2 Kxh6+ 44. Kf1 Kg5 45. Rf2 Rh8 46. Bc2 f4 47. Rg2+ Kf6 48. Rf2 Kg5 49. Rg2+ Kf6 50. Rf2 1/2-1/2

[Event "SUI-chT"]
[Site "Switzerland"]
[Date "2010.08.28"]
[Round "6.7"]
[White "Umbach, Andreas"]
[Black "Rindlisbacher, Jan"]
[Result "1/2-1/2"]
[WhiteElo "2292"]
[BlackElo "2088"]
[PlyCount "104"]
[EventDate "2010.02.14"]
[EventType "team-tourn"]
[EventRounds "9"]
[EventCountry "SUI"]
[SourceTitle "EXT 2011"]
[Source "ChessBase"]
[SourceDate "2010.11.26"]
[SourceVersion "1"]
[SourceVersionDate "2010.11.26"]
[SourceQuality "1"]
[WhiteTeam "Wollishofen"]
[BlackTeam "Bern"]
[WhiteTeamCountry "SUI"]
[BlackTeamCountry "SUI"]

1. e4 e5 2. Nf3 Nc6 3. Nc3 Nf6 4. d4 exd4 5. Nxd4 Bb4 6. Nxc6 bxc6 7. Bd3 d5 8. exd5 cxd5 9. 0-0 0-0 10. Bg5 c6 11. Qf3 Bd6 12. Rae1 Rb8 13. Nd1 h6 14. Bxf6 Qxf6 15. Qxf6 gxf6 16. b3 d4 17. Re4 c5 18. Nb2 Be6 19. Rfe1 Kg7 20. R4e2 h5 21. h3 f5 22. Bc4 Bc8 23. Bd3 Kf6 24. Nc4 Bf4 25. Ne5 a5 26. g3 Bh6 27. Bc4 f4 28. Kh2 fxg3+ 29. fxg3 Be3 30. Nd3 Kg5 31. Nxc5 f5 32. c3 f4 33. cxd4 fxg3+ 34. Kxg3 Bf4+ 35. Kg2 Kh4 36. Ne6 Bxe6 37. Bxe6 Rb7 38. Re4 Rg7+ 39. Kf2 Rg3 40. Rg1 Rc3 41. a4 Rc2+ 42. Kf3 Rc3+ 43. Ke2 Rc2+ 44. Kd3 Rd2+ 45. Kc4 Rc2+ 46. Kb5 Rb8+ 47. Kxa5 Rc5+ 48. Ka6 Ra5+ 49. Kxa5 Rb5+ 50. Ka6 Rb6+ 51. Ka7 Rb7+ 52. Ka8 Ra7+ 1/2-1/2

[Event "SUI-chT"]
[Site "Switzerland"]
[Date "2005.10.29"]
[Round "8.4"]
[White "Umbach, Andreas"]
[Black "Kuehn, Peter"]
[Result "1/2-1/2"]
[WhiteElo "2310"]
[BlackElo "2380"]
[PlyCount "20"]
[EventDate "2005.02.27"]
[EventType "team-tourn"]
[EventRounds "9"]
[EventCountry "SUI"]
[SourceTitle "EXT 2006"]
[Source "ChessBase"]
[SourceDate "2005.11.24"]
[SourceVersion "1"]
[SourceVersionDate "2005.11.24"]
[SourceQuality "1"]
[WhiteTeam "Wollishofen"]
[BlackTeam "Reichenstein"]
[WhiteTeamCountry "SUI"]
[BlackTeamCountry "SUI"]

1. e4 c6 2. d4 d5 3. exd5 cxd5 4. c4 Nf6 5. Nc3 g6 6. cxd5 Nxd5 7. Nf3 Bg7 8. Be2 0-0 9. 0-0 Nc6 10. Re1 Nb6 1/2-1/2

[Event "SUI-chT"]
[Site "Switzerland"]
[Date "2005.03.20"]
[Round "2.6"]
[White "Herbrechtsmeier, Christof"]
[Black "Umbach, Andreas"]
[Result "1/2-1/2"]
[WhiteElo "2292"]
[BlackElo "2310"]
[PlyCount "90"]
[EventDate "2005.02.27"]
[EventType "team-tourn"]
[EventRounds "9"]
[EventCountry "SUI"]
[SourceTitle "EXT 2006"]
[Source "ChessBase"]
[SourceDate "2005.11.24"]
[SourceVersion "1"]
[SourceVersionDate "2005.11.24"]
[SourceQuality "1"]
[WhiteTeam "Riehen"]
[BlackTeam "Wollishofen"]
[WhiteTeamCountry "SUI"]
[BlackTeamCountry "SUI"]

1. e4 c5 2. Nf3 d6 3. d4 cxd4 4. Nxd4 Nf6 5. Nc3 g6 6. Be3 Bg7 7. Be2 0-0 8. Qd2 Nc6 9. 0-0 d5 10. Nxc6 bxc6 11. e5 Nd7 12. f4 Nb6 13. b3 Qc7 14. a4 Be6 15. a5 Nd7 16. Ra4 f6 17. exf6 Bxf6 18. Bd4 Bf5 19. Bf3 Rae8 20. Bxf6 Nxf6 21. Ne2 e5 22. fxe5 Qxe5 23. Nd4 Bd7 24. Raa1 c5 25. Ne2 Bg4 26. Bxg4 Nxg4 27. Ng3 Rxf1+ 28. Rxf1 d4 29. Qf4 Qxf4 30. Rxf4 Re1+ 31. Rf1 Rxf1+ 32. Nxf1 Kf7 33. h3 Nf6 34. Kf2 Ke6 35. Ke2 Kd5 36. Nd2 Ne4 37. Nc4 Nd6 38. Nxd6 Kxd6 39. Kd3 Kd5 40. h4 a6 41. g3 h5 42. c3 Ke5 43. Kc2 Ke4 44. Kd2 Kd5 45. Kd3 Ke5 1/2-1/2

[Event "SUI-chT"]
[Site "Switzerland"]
[Date "2005.02.27"]
[Round "1.6"]
[White "Umbach, Andreas"]
[Black "Steckner, Johannes"]
[Result "1/2-1/2"]
[WhiteElo "2310"]
[BlackElo "2330"]
[PlyCount "44"]
[EventDate "2005.02.27"]
[EventType "team-tourn"]
[EventRounds "9"]
[EventCountry "SUI"]
[SourceTitle "EXT 2006"]
[Source "ChessBase"]
[SourceDate "2005.11.24"]
[SourceVersion "1"]
[SourceVersionDate "2005.11.24"]
[SourceQuality "1"]
[WhiteTeam "Wollishofen"]
[BlackTeam "Winterthur"]
[WhiteTeamCountry "SUI"]
[BlackTeamCountry "SUI"]

1. e4 e6 2. d4 d5 3. Nc3 Nf6 4. e5 Ne4 5. Nxe4 dxe4 6. Be3 c5 7. c3 Qb6 8. Qb3 Nc6 9. Bb5 Bd7 10. Bxc6 Bxc6 11. Qxb6 axb6 12. Ne2 Be7 13. 0-0 f5 14. exf6 gxf6 15. Nc1 Kf7 16. Nb3 c4 17. Nd2 b5 18. Bf4 Rhg8 19. g3 Rg4 20. Rfe1 f5 21. Re3 h5 22. f3 exf3 1/2-1/2

[Event "SUI-chT"]
[Site "Switzerland"]
[Date "2003.09.07"]
[Round "7.7"]
[White "Colmenares, Aurelio"]
[Black "Umbach, Andreas"]
[Result "0-1"]
[WhiteElo "2108"]
[BlackElo "2200"]
[PlyCount "92"]
[EventDate "2003.03.23"]
[EventType "team-tourn"]
[EventRounds "9"]
[EventCountry "SUI"]
[SourceTitle "EXT 2004"]
[Source "ChessBase"]
[SourceDate "2003.11.25"]
[SourceVersion "1"]
[SourceVersionDate "2003.11.25"]
[SourceQuality "1"]
[WhiteTeam "Lugano"]
[BlackTeam "Wollishofen"]
[WhiteTeamCountry "SUI"]
[BlackTeamCountry "SUI"]

1. e4 c5 2. Nf3 d6 3. Bb5+ Nd7 4. d4 Ngf6 5. Nc3 a6 6. Be2 cxd4 7. Nxd4 e5 8. Nb3 b5 9. 0-0 Bb7 10. Bf3 Be7 11. a3 0-0 12. Be3 Qc7 13. g3 Rfc8 14. Bg2 Bc6 15. f4 Rab8 16. Rf2 a5 17. h3 a4 18. Nd2 b4 19. axb4 Rxb4 20. b3 axb3 21. cxb3 Qb8 22. Rc1 Qa8 23. Ra1 Qb8 24. Rc1 Rb7 25. Nd5 Bxd5 26. exd5 Rxc1 27. Qxc1 Bd8 28. Qc3 Bb6 29. Kh2 Bxe3 30. Qxe3 Rb4 31. fxe5 Nxe5 32. Qc3 h6 33. Rf4 Rxf4 34. gxf4 Ng6 35. Qf3 Qb4 36. Nc4 Nh4 37. Qd3 Qc5 38. Qe3 Qb4 39. Bf1 Nf5 40. Qd3 g6 41. Bg2 Qe1 42. Nd2 Qf2 43. Nf1 Qxf4+ 44. Kh1 Nh4 45. Kg1 Nxg2 46. Kxg2 Qg5+ 0-1

[Event "SUI-chT"]
[Site "Switzerland"]
[Date "2003.09.06"]
[Round "6.6"]
[White "Hug, Werner"]
[Black "Umbach, Andreas"]
[Result "1-0"]
[WhiteElo "2443"]
[BlackElo "2296"]
[PlyCount "77"]
[EventDate "2003.03.23"]
[EventType "team-tourn"]
[EventRounds "9"]
[EventCountry "SUI"]
[SourceTitle "EXT 2004"]
[Source "ChessBase"]
[SourceDate "2003.11.25"]
[SourceVersion "1"]
[SourceVersionDate "2003.11.25"]
[SourceQuality "1"]
[WhiteTeam "Zuerich"]
[BlackTeam "Wollishofen"]
[WhiteTeamCountry "SUI"]
[BlackTeamCountry "SUI"]

1. d4 Nf6 2. Nf3 g6 3. Bg5 Bg7 4. Nbd2 0-0 5. e3 d6 6. Bc4 c5 7. c3 Bf5 8. 0-0 Nc6 9. Re1 d5 10. Bf1 Qb6 11. Qb3 Rfd8 12. a4 Ne4 13. Bh4 Rd7 14. Qa3 cxd4 15. exd4 e5 16. dxe5 Nxd2 17. Nxd2 Nxe5 18. Bb5 Nc6 19. Nf3 a6 20. Bxc6 bxc6 21. a5 Qa7 22. Be7 Be4 23. Bc5 Qc7 24. Nd2 Bd3 25. Re3 Bf5 26. Rae1 Be6 27. Nf3 Rb8 28. Nd4 Bf8 29. Bxf8 Rxf8 30. Qc5 Rd6 31. Nxe6 Rxe6 32. Rxe6 fxe6 33. Rxe6 Qf4 34. Qe3 Qf5 35. g3 Qb1+ 36. Kg2 Qxb2 37. Rxc6 Qb5 38. Qe6+ Kg7 39. Rc7+ 1-0

[Event "Zuerich op 26th"]
[Site "Zuerich"]
[Date "2002.12.30"]
[Round "7"]
[White "Umbach, Andreas"]
[Black "Zozulia, Anna"]
[Result "1-0"]
[WhiteElo "2192"]
[BlackElo "2311"]
[PlyCount "81"]
[EventDate "2002.12.26"]
[EventType "swiss"]
[EventRounds "7"]
[EventCountry "SUI"]
[SourceTitle "CBM 091 Extra"]
[Source "ChessBase"]
[SourceDate "2003.01.09"]
[SourceVersion "1"]
[SourceVersionDate "2003.01.09"]
[SourceQuality "1"]

1. e4 c5 2. Nf3 Nc6 3. d4 cxd4 4. Nxd4 Nf6 5. Nc3 e5 6. Ndb5 d6 7. Bg5 a6 8. Na3 b5 9. Bxf6 gxf6 10. Nd5 f5 11. Bd3 Be6 12. 0-0 Bxd5 13. exd5 Ne7 14. c3 Bg7 15. Qh5 e4 16. Bc2 Qc8 17. Rae1 0-0 18. Kh1 Ng6 19. Bb1 Rb8 20. Nc2 Re8 21. Nb4 h6 22. f3 Qc4 23. fxe4 fxe4 24. Qf5 Rb7 25. Bxe4 Rbe7 26. Bd3 Qh4 27. g3 Qg5 28. Qxg5 hxg5 29. Rxe7 Nxe7 30. Nxa6 Nxd5 31. Bxb5 Re5 32. a4 Ne3 33. Re1 f5 34. Nb4 Kf7 35. Nc6 Re8 36. a5 f4 37. gxf4 gxf4 38. a6 Rh8 39. a7 Ng4 40. Nd8+ Rxd8 41. Re8 1-0

[Event "Zuerich op 26th"]
[Site "Zuerich"]
[Date "2002.12.28"]
[Round "4"]
[White "Ekstroem, Roland"]
[Black "Umbach, Andreas"]
[Result "1/2-1/2"]
[WhiteElo "2478"]
[BlackElo "2192"]
[PlyCount "52"]
[EventDate "2002.12.26"]
[EventType "swiss"]
[EventRounds "7"]
[EventCountry "SUI"]
[SourceTitle "CBM 091 Extra"]
[Source "ChessBase"]
[SourceDate "2003.01.09"]
[SourceVersion "1"]
[SourceVersionDate "2003.01.09"]
[SourceQuality "1"]

1. e4 c5 2. c3 d5 3. exd5 Qxd5 4. d4 Nf6 5. Nf3 Bg4 6. Be2 e6 7. h3 Bh5 8. 0-0 Nc6 9. Na3 cxd4 10. Nb5 0-0-0 11. Nfxd4 Bxe2 12. Qxe2 Bc5 13. Be3 a6 14. Nxc6 Qxc6 15. Nd4 Bxd4 16. Bxd4 Rhe8 17. Bxf6 gxf6 18. Rfd1 Rg8 19. Rxd8+ Kxd8 20. f3 Rg5 21. c4 Ke7 22. Rd1 Kf8 23. b3 b5 24. cxb5 axb5 25. Kh1 Rd5 26. Qe1 Qd6 1/2-1/2

[Event "SUI-chT"]
[Site "Switzerland"]
[Date "2002.10.06"]
[Round "9.8"]
[White "Umbach, Andreas"]
[Black "Zenklusen, Rico"]
[Result "1-0"]
[WhiteElo "2174"]
[BlackElo "2227"]
[PlyCount "127"]
[EventDate "2002.03.03"]
[EventType "team-tourn"]
[EventRounds "9"]
[EventCountry "SUI"]
[SourceTitle "CBM 091 Extra"]
[Source "ChessBase"]
[SourceDate "2003.01.09"]
[SourceVersion "1"]
[SourceVersionDate "2003.01.09"]
[SourceQuality "1"]

1. e4 c6 2. d4 d5 3. exd5 cxd5 4. c4 Nf6 5. Nc3 e6 6. Nf3 Bb4 7. cxd5 Nxd5 8. Bd2 Nc6 9. Bd3 0-0 10. 0-0 Be7 11. a3 Bf6 12. Qc2 g6 13. Bh6 Re8 14. Rad1 Nxc3 15. bxc3 Qa5 16. Qc1 e5 17. Bc4 exd4 18. cxd4 Bg4 19. Bxf7+ Kxf7 20. Qc4+ Ke7 21. Rfe1+ Kd7 22. Qf7+ Re7 23. Rxe7+ Nxe7 24. Qxf6 Bxf3 25. Qxf3 Qd5 26. Qh3+ Nf5 27. Bf4 h5 28. Be5 Rc8 29. Qd3 Rc6 30. Rb1 Rb6 31. Rxb6 axb6 32. h3 b5 33. Kh2 Qc4 34. Qe4 Qc6 35. Qe1 Nh4 36. f3 Nf5 37. Qb4 Ne7 38. Qd2 Qd5 39. Qa5 Qc6 40. Qb4 g5 41. Qd2 Qg6 42. Qe2 Qb6 43. f4 gxf4 44. Qxh5 b4 45. Qg4+ Qe6 46. Qxe6+ Kxe6 47. axb4 Kf5 48. Kg1 b5 49. Bd6 Ng6 50. Kf2 Ke4 51. g3 fxg3+ 52. Kxg3 Kxd4 53. h4 Kd5 54. h5 Nh8 55. Bf8 Ke6 56. Bg7 Nf7 57. Kf4 Nd8 58. Ke4 Nc6 59. Bc3 Kf7 60. Kd5 Nd8 61. Kc5 Ne6+ 62. Kxb5 Nf4 63. h6 Kg6 64. Bg7 1-0